Części wsi Łęki Strzyżowskie - Statystyki

Ogólne statystyki
  • Ten quiz został rozwiązany 30 razy
  • Średni wynik to 4 z 5
Statystyki odpowiedzi
Część % Poprawnych
Górka
100%
Bartne
75%
Podlesie
75%
Zarzecze
63%
Podźwierznik
38%
Nie znaleziono quizów pasujących do podanych kryteriów
Rozkład punktacji
Procent ludzi z każdym wynikiem
Percentyl według liczby udzielonych odpowiedzi
Twoja historia wyników
Nie rozwiązałeś tego quizu